00221nam a2200097Ia 4500008004100000100001600041245002600057260001900083260000900102546001200111170619s9999 xx 000 0 und d aNelson Mark 0aData Compression Book bNew Delhi: BPB c2003 aENGLISH